000 00746nam a2200265Ia 4500
001 Para_3753
003 CHAP
008 220125s1942 xx 000 0 und d
010 _a202188
040 _cCHAP
090 _aPA FOLLETO 973
100 _aFrench, O. C
_943172
245 _aSpraying equipment for pest control /
_c O. C. French
260 _aBerkeley, Cal. :
_b Agricultural Experiment Station
300 _a42 p.
440 _aCalifornia. Agric. Exp. Sta. Bull.; 666
_9167253
650 _aAspersores Control de plagas
_9167254
901 _aPA FOLLETO 973
902 _aA
905 _a0000001942 BERa 0000000000 00
910 _a1942
942 _cPARA
942 _cPARA
_d1
999 _c202188
_d202188